Quién conoce a greta garbo /

Guardado en:
Autor Principal: Huidobro, Norma
Formato: Libro
Publicado: Argentina : Norma, 2000
Series:Zona libre
Materias:
Etiquetas: Agregar Etiqueta
Sin Etiquetas, Sea el primero en etiquetar este registro!
LEADER 00661nam a22002295a 4500
001 CEM.cems012655
005 20101202104754.0
008 130507s2000##################000#0#####d
003 CEMS
020 |a 9879334531 
082 0 4 |a A863.4 
100 1 |a Huidobro, Norma 
245 1 0 |a Quién conoce a greta garbo /  |c Norma Huidobro 
260 |a Argentina :  |b Norma,  |c 2000 
300 |a 235 p. 
490 0 |a Zona libre 
653 |a Literatura 
653 |a Literatura argentina 
653 |a Novela argentina 
653 |a Novelas 
859 |a CEMS  |b BIB. CEMS - 11 de abril  |h A863.4  |i H876  |p 23979.07  |t Ej.1 
859 |a CEMS  |b BIB. CEMS - 11 de abril  |h A863.4  |i H876  |p 23980.07  |t Ej.2